| 000 | 00966 a2200253 4500 | ||
|---|---|---|---|
| 005 | 20150909140105.0 | ||
| 008 | 140321s2013 ec d gr|||| 000 0 spa d | ||
| 020 | _a9789942135407 | ||
| 040 |
_aCO-BoUCM _bspa _cJose A. Gerena (modificó) _dDiana Londoño |
||
| 041 | _aspa | ||
| 245 | 0 | 0 |
_a¿Quién habla por quién? _brepresentatividad y legitimidad de organizaciones y representantes indígenas. Un debate abierto _ceditado por Sabine Speiser |
| 260 |
_aQuito (Ecuador) _bCooperación alemana _c2013 |
||
| 300 |
_a259 páginas _bcuadros, gráficas |
||
| 650 | 7 |
_917334 _aIndígenas de Ecuador |
|
| 650 | 7 |
_919582 _aMinorías |
|
| 650 | 7 |
_97607 _aEtnología |
|
| 690 |
_942914 _aSociología |
||
| 700 | 1 |
_aBremen, Volker von _958613 |
|
| 700 | 1 |
_aKarakras, Ampam _958611 |
|
| 700 | 1 |
_aRathgeber, Theodor _958612 |
|
| 700 | 1 |
_aSpeiser, Sabine _eeditor _958610 |
|
| 942 |
_a5 _cLIBRO _e1 _mQ64 _2DEWEY _h305.8980866 |
||
| 999 |
_c240098 _d240098 |
||